000 00384nam a22001457a 4500
008 170321b xxu||||| |||| 00| p tur d
020 _a9750700716
041 _atur
100 _9587
_aİbrahim Baştuğ
245 _aKül
_cİbrahim Baştuğ; Ed.: Hilmi Yavuz
260 _aİstanbul
_bCan Yayınları
_c2001
300 _a71 sayfa
650 0 _9145
_aTürk Edebiyatı
942 _2lcc
_cBK
999 _c866
_d852